Geography Quiz

Random Geography or City Quiz

Most Visited Cities in Europe Quiz Stats

 Plays Quiz Updated Jan 29, 2015

Challenge
Share
Tweet
Embed
Score 0/10 Timer 05:00
24 Plays Today
City % Correct
Paris
99.4%
London
99.1%
Rome
96.7%
Barcelona
86.4%
Amsterdam
82.7%
Munich
70.1%
Vienna
69.2%
Prague
67.6%
Milan
63.4%
Istanbul
56.4%

You're not logged in!

Compare scores with friends on all Sporcle quizzes.
OR
Log In

You Might Also Like...

Show Comments

Extras

Top Quizzes Today


Score Distribution

Your Account Isn't Verified!

In order to create a playlist on Sporcle, you need to verify the email address you used during registration. Go to your Sporcle Settings to finish the process.

Report this User

Report this user for behavior that violates our Community Guidelines.

Details: